Energy company obligation "in-use factors" consultation (Record no. 114600)
[ view plain ]
| 000 -LEADER | |
|---|---|
| fixed length control field | 01267cad a22002055a 4500 |
| 001 - CONTROL NUMBER | |
| control field | L157107 |
| 008 - FIXED-LENGTH DATA ELEMENTS--GENERAL INFORMATION | |
| fixed length control field | 120831s2012 xxk f 000 0 eng d |
| 035 ## - SYSTEM CONTROL NUMBER | |
| System control number | (Sirsi) u157107 |
| 041 0# - LANGUAGE CODE | |
| Language code of text/sound track or separate title | eng |
| 110 2# - MAIN ENTRY--CORPORATE NAME | |
| Corporate name or jurisdiction name as entry element | United Kingdom |
| Subordinate unit | Department of Energy and Climate Change |
| 9 (RLIN) | 5850 |
| 245 00 - TITLE STATEMENT | |
| Title | Energy company obligation "in-use factors" consultation |
| Medium | [electronic resource] |
| 260 ## - PUBLICATION, DISTRIBUTION, ETC. | |
| Place of publication, distribution, etc. | London |
| Name of publisher, distributor, etc. | DECC |
| Date of publication, distribution, etc. | 2012 |
| 520 ## - SUMMARY, ETC. | |
| Summary, etc. | Consultation seeks views on the inclusion of ?in-use factors? when calculating the carbon reduction scores from insulation measures installed under the Energy Company Obligation (ECO). The in-use factors are designed to bridge the gap between laboratory performance and actual in-situ performance and should ensure greater consistency with the Green Deal. This is particularly useful as many of the energy saving measures will be delivered under both the ECO and the Green Deal. The consultation closes on 14 September 2012. |
| 590 ## - LOCAL NOTE (RLIN) | |
| Local note | KA NTK |
| 651 #4 - SUBJECT ADDED ENTRY--GEOGRAPHIC NAME | |
| Geographic name | United Kingdom |
| Chronological subdivision | |
| 690 ## - LOCAL SUBJECT ADDED ENTRY--TOPICAL TERM (OCLC, RLIN) | |
| Topical term or geographic name as entry element | Energy |
| 9 (RLIN) | 6237 |
| 690 ## - LOCAL SUBJECT ADDED ENTRY--TOPICAL TERM (OCLC, RLIN) | |
| Topical term or geographic name as entry element | Sustainability |
| 9 (RLIN) | 6271 |
| 856 40 - ELECTRONIC LOCATION AND ACCESS | |
| Uniform Resource Identifier | <a href="https://www.decc.gov.uk/assets/decc/11/consultation/green-deal/6275-energy-company-obligation-inuse-factors-consultat.pdf">https://www.decc.gov.uk/assets/decc/11/consultation/green-deal/6275-energy-company-obligation-inuse-factors-consultat.pdf</a> |
| Public note | View the consultation free of charge at www.decc.gov.uk |
| 942 ## - ADDED ENTRY ELEMENTS (KOHA) | |
| Suppress in OPAC | 0 |
| Withdrawn status | Lost status | Source of classification or shelving scheme | Damaged status | Not for loan | Home library | Current library | Shelving location | Date acquired | Total Checkouts | Full call number | Barcode | Date last seen | Copy number | Price effective from | Koha item type |
|---|---|---|---|---|---|---|---|---|---|---|---|---|---|---|---|
| Dewey Decimal Classification | Virtual | Virtual | Online | 31/08/2012 | ONLINE PUBLICATION | 157107-2001 | 06/08/2019 | 1 | 06/08/2019 | Book |